Brain Imaging / (رقم التسجيلة. 21557)

تفاصيل مارك
000 -الفاتح
حقل البيانات ثابتة الطول 01283nam a2200385z 4500
001 - رقم الضبط
رقم الضبط 154751737
003 - محدد رقم الضبط
رقم الضبط OCoLC
005 - وقت وتاريخ اخر تعامل مع التسجيلة
رقم الضبط 20150408114015.0
008 - عناصر البيانات ثابتة الطول - معلومات عامة
حقل البيانات ثابتة الطول 070515s2007 gw a bf 001 0 eng
016 7# - رقم ضبط الوكاله الوطنية للضبط الببليوجرافي
رقم ضبط التسجيلة 101465540
المصدر DNLM
020 ## - الرقم الدولى المعيارى للكتب
الرقم الدولى المعيارى للكتاب 9783131439611 (TPS, rest of world)
020 ## - الرقم الدولى المعيارى للكتب
الرقم الدولى المعيارى للكتاب 3131439610 (TPS, rest of world)
020 ## - الرقم الدولى المعيارى للكتب
الرقم الدولى المعيارى للكتاب 9781588905703 (TPN, The Americas)
020 ## - الرقم الدولى المعيارى للكتب
الرقم الدولى المعيارى للكتاب 1588905705 (TPN, The Americas)
035 ## - رقم ضبط النظام
رقم ضبط النظام .b65984511
040 ## - مصدر الفهرسة
وكالة الفهرسة الأصلية NLM
وكالة النسخ NLM
وكالة التعديل BTCTA
-- BAKER
-- YDXCP
-- HKP
-- OHX
-- OSU
-- UtOrBLW
042 ## - رمز التحقق
رمز التحقق pcc
049 ## - المجموعات المحلية (OCLC)
مكتبة المقتنيات OSUU
050 #4 - رقم طلب مكتبة الكونجرس
رقم التصنيف RC386.6.D52
رقم المادة S27 2008
060 00 - رقم الطلب بالمكتبة الطبية الوطنية
رقم التصنيف 2008 B-554
060 10 - رقم الطلب بالمكتبة الطبية الوطنية
رقم التصنيف WL 39
رقم المادة S251b 2008
100 1# - المدخل الرئيسى - إسم شخصى
الإسم الشخصى Sartor, Klaus.
9 (RLIN) 10925
245 10 - بيان العنوان
العنوان Brain Imaging /
بيان المسئوليه,etc Klaus Sartor, Stefan Haehnel, Bodo Kress.
260 ## - PUBLICATION, DISTRIBUTION, ETC. (IMPRINT)
مكان الناشر او الموزع Stuttgart ;
-- New York :
اسم الناشر او الموزع Thieme,
تاريخ النشر أو التوزيع c2008.
300 ## - الوصف المادى
التعداد viii, 300 p. :
تفاصيل ماديه اخرى للوعاء ill.
440 #0 - بيان السلسلة/مدخل إضافى-العنوان
العنوان Direct diagnosis in radiology.
9 (RLIN) 10885
504 ## - تبصرة ببليوجرافية
تبصرة ببليوجرافية,الخ Includes bibliographical references and index.
650 12 - المدخل الاضافى بالموضوع-مصطلح موضوعى
مصطلح موضوعي أو اسم جغرافي كعنصر مدخل Brain
التقسيم الفرعي العام radiography
التقسيم الفرعي الشكلي Handbooks.
9 (RLIN) 10996
650 12 - المدخل الاضافى بالموضوع-مصطلح موضوعى
مصطلح موضوعي أو اسم جغرافي كعنصر مدخل Brain Diseases
التقسيم الفرعي العام radiography
التقسيم الفرعي الشكلي Handbooks.
9 (RLIN) 10997
650 #0 - المدخل الاضافى بالموضوع-مصطلح موضوعى
مصطلح موضوعي أو اسم جغرافي كعنصر مدخل Brain
التقسيم الفرعي العام Imaging.
9 (RLIN) 10998
650 #0 - المدخل الاضافى بالموضوع-مصطلح موضوعى
مصطلح موضوعي أو اسم جغرافي كعنصر مدخل Brain
التقسيم الفرعي العام Magnetic resonance imaging.
9 (RLIN) 10999
700 1# - المدخل الاضافى - اسم شخصى
الإسم الشخصى Haehnel, Stefan.
9 (RLIN) 11000
700 1# - المدخل الاضافى - اسم شخصى
الإسم الشخصى Kress, Bodo.
9 (RLIN) 11001
942 ## - عناصر المدخل الإضافي( كوها)
مصدر التصنيف او مخطط الترفيف Dewey Decimal Classification
Koha [default] item type كتاب
المقتنيات
حالة الفقد نموذج السعر الفعال حالة تلف ليس للاعارة رقم الطلب تاريخ الاكتساب الموقع الحالي الباركود الفرع الرئيسي Date last seen نوع المادة فى نظام كوها مصدر التصنيف او خطة الترفيف Total Checkouts
  2013-03-10     616.8 S K B 2012-04-16 مكتبة مجمع الطالبات بالمجمعة (EMF) 00076680 مكتبة مجمع الطالبات بالمجمعة (EMF) 2013-03-10 كتاب Dewey Decimal Classification  
  2013-03-10     616.8 S K B 2012-04-16 مكتبة مجمع الطالبات بالمجمعة (EMF) 00076679 مكتبة مجمع الطالبات بالمجمعة (EMF) 2013-03-10 كتاب Dewey Decimal Classification  
  2013-03-10     616.8 S K B 2012-04-16 مكتبة مجمع الطالبات بالمجمعة (EMF) 00076682 مكتبة مجمع الطالبات بالمجمعة (EMF) 2013-03-10 كتاب Dewey Decimal Classification  
  2013-03-10     616.8 S K B 2012-04-16 مكتبة مجمع الطالبات بالمجمعة (EMF) 00076681 مكتبة مجمع الطالبات بالمجمعة (EMF) 2013-03-10 كتاب Dewey Decimal Classification